भू-विज्ञान एक परिचय: शैलिकी के सिद्धांत/ (Record no. 205947)
[ view plain ]
| 000 -LEADER | |
|---|---|
| fixed length control field | 01014nam a22002057a 4500 |
| 005 - DATE AND TIME OF LATEST TRANSACTION | |
| control field | 20241001114809.0 |
| 010 ## - LCCN (DPL NO) | |
| LC control number | HIN-128410 |
| 020 ## - INTERNATIONAL STANDARD BOOK NUMBER | |
| Terms of availability | 350.00 |
| International Standard Book Number | 9789392568572 |
| 035 ## - SYSTEM CONTROL NUMBER | |
| System control number | HN-100756 |
| 037 ## - SOURCE OF ACQUISITION | |
| Source of stock number/acquisition | DBAD |
| 082 ## - DEWEY DECIMAL CLASSIFICATION NUMBER | |
| Classification number | 551.41 |
| 100 ## - MAIN ENTRY--PERSONAL NAME | |
| Personal name | गुहे, राजीव |
| 245 ## - TITLE STATEMENT | |
| Title | भू-विज्ञान एक परिचय: शैलिकी के सिद्धांत/ |
| Statement of responsibility, etc | राजीव गुहे |
| 246 ## - VARYING FORM OF TITLE | |
| Title proper/short title | Introduction to Geology: Principals of Petrology |
| 250 ## - EDITION STATEMENT | |
| Edition statement | 1 |
| 260 ## - PUBLICATION, DISTRIBUTION, ETC. (IMPRINT) | |
| Place of publication, distribution, etc | रायपुर,छत्तीसगढ़ |
| Name of publisher, distributor, etc | अदिति पब्लिकेशन |
| Date of publication, distribution, etc | 2023 |
| 270 ## - ADDRESS | |
| Address | नये पांचजन्य विद्या मंदिर के सामने, तिरंगा चौक के पास, कुशालपुर |
| City | रायपुर,छत्तीसगढ़ |
| Postal code | 492001 |
| Telephone number | 9425210308 |
| 300 ## - PHYSICAL DESCRIPTION | |
| Extent | 124,xv पृ. |
| Dimensions | 21 सेमी (अजिल्द) |
| 942 ## - ADDED ENTRY ELEMENTS (KOHA) | |
| Source of classification or shelving scheme | Dewey Decimal Classification |
| Item type | Hindi Books |
| Classification part | 551.41 |
| Call number suffix | गुहेरा |
| Withdrawn status | Lost status | Not for loan | Collection code | Home library | Current library | Date acquired | Source of acquisition | Cost, normal purchase price | Full call number | Barcode | Copy number | Cost, replacement price | Koha item type |
|---|---|---|---|---|---|---|---|---|---|---|---|---|---|
| Non-fiction | Shahdara Branch | Shahdara Branch | 26/09/2024 | DBAD | 350.00 | 551.41 गुहेरा | HN-100756 | 1 | 350.00 | Hindi Books |
